| 000 | 02067nam a22003377a 4500 | ||
|---|---|---|---|
| 005 | 20110802103824.0 | ||
| 008 | 090728t xxu||||| |||| 00| 0 pun d | ||
| 010 | _aPUN-6890 B-465205-209 | ||
| 020 |
_c135.00 _a9788182992115 |
||
| 035 | _aPN-6008 B-465205-209 | ||
| 037 | _bDBAD / PUB | ||
| 037 | _bKKP/Vender | ||
| 040 |
_adpl _bpn |
||
| 082 | _aਓ | ||
| 100 |
_924414 _aਕੰਵਲ, ਜਸਵੰਤ ਸਿੰਘ |
||
| 245 |
_aਨਵਾਂ ਸੰਨਿਆਸ / _cਜਸਵੰਤ ਸਿੰਘ ਕੰਵਲ |
||
| 246 |
_aNawan Sanyas _bby Jaswant Singh Kanwal |
||
| 260 |
_aDelhi _bArsee Publishers _c2011 |
||
| 270 |
_a51, Parda bagh, Darya ganj, _bNew Delhi- _e110002 _k011-23280657 |
||
| 300 | 4 |
_a79ਸਫੇ _c22ਸੇਮੀ (ਸਜਿਲੱਦ) |
|
| 650 | _924412 | ||
| 650 | _924431 | ||
| 942 |
_2ddc _cPN _hਓ _mਕੰਵਲ |
||
| 999 |
_c54748 _d54748 |
||